| 000 | nam a22 4500 | ||
|---|---|---|---|
| 999 |
_c8893 _d8893 |
||
| 008 | 180317b ||||| |||| 00| 0 eng d | ||
| 100 |
_926888 _aLucas, Daxim L. |
||
| 245 |
_aPower supply glut expected in next 5 years/ _cDaxim L. Lucas |
||
| 260 |
_aPhilippines _bPhilippine Daily Inquirer _cc2016 |
||
| 300 | _apage B4. | ||
| 650 | 0 |
_926889 _aEnergy resources. |
|
| 942 |
_2ddc _cPER |
||